<?xml version="1.0" encoding="UTF-8"?><?xml-stylesheet type="text/xsl" href="static/style.xsl"?><OAI-PMH xmlns="http://www.openarchives.org/OAI/2.0/" xmlns:xsi="http://www.w3.org/2001/XMLSchema-instance" xsi:schemaLocation="http://www.openarchives.org/OAI/2.0/ http://www.openarchives.org/OAI/2.0/OAI-PMH.xsd"><responseDate>2026-04-27T20:11:02Z</responseDate><request verb="GetRecord" identifier="oai:uvadoc.uva.es:10324/40992" metadataPrefix="marc">https://uvadoc.uva.es/oai/request</request><GetRecord><record><header><identifier>oai:uvadoc.uva.es:10324/40992</identifier><datestamp>2025-02-13T10:41:02Z</datestamp><setSpec>com_10324_1181</setSpec><setSpec>com_10324_931</setSpec><setSpec>com_10324_894</setSpec><setSpec>col_10324_1387</setSpec></header><metadata><record xmlns="http://www.loc.gov/MARC21/slim" xmlns:doc="http://www.lyncode.com/xoai" xmlns:xsi="http://www.w3.org/2001/XMLSchema-instance" xmlns:dcterms="http://purl.org/dc/terms/" xsi:schemaLocation="http://www.loc.gov/MARC21/slim http://www.loc.gov/standards/marcxml/schema/MARC21slim.xsd">
<leader>00925njm 22002777a 4500</leader>
<datafield tag="042" ind1=" " ind2=" ">
<subfield code="a">dc</subfield>
</datafield>
<datafield tag="720" ind1=" " ind2=" ">
<subfield code="a">Tejero Del Rio, Jesús</subfield>
<subfield code="e">author</subfield>
</datafield>
<datafield tag="720" ind1=" " ind2=" ">
<subfield code="a">Jiménez López, María del Pilar</subfield>
<subfield code="e">author</subfield>
</datafield>
<datafield tag="720" ind1=" " ind2=" ">
<subfield code="a">Quinto Fernández, Emiliano José</subfield>
<subfield code="e">author</subfield>
</datafield>
<datafield tag="720" ind1=" " ind2=" ">
<subfield code="a">Córdoba Diaz, Damián</subfield>
<subfield code="e">author</subfield>
</datafield>
<datafield tag="720" ind1=" " ind2=" ">
<subfield code="a">Garrosa García, Manuel</subfield>
<subfield code="e">author</subfield>
</datafield>
<datafield tag="720" ind1=" " ind2=" ">
<subfield code="a">Córdoba Diaz, Manuel</subfield>
<subfield code="e">author</subfield>
</datafield>
<datafield tag="720" ind1=" " ind2=" ">
<subfield code="a">Gayoso Rodríguez, Manuel José</subfield>
<subfield code="e">author</subfield>
</datafield>
<datafield tag="720" ind1=" " ind2=" ">
<subfield code="a">Girbés Juan, Tomás</subfield>
<subfield code="e">author</subfield>
</datafield>
<datafield tag="260" ind1=" " ind2=" ">
<subfield code="c">2015</subfield>
</datafield>
<datafield tag="520" ind1=" " ind2=" ">
<subfield code="a">Sambucus (Adoxaceae) species have been used for both food and medicine purposes. Among these, Sambucus nigra L. (black elder), Sambucus ebulus L. (dwarf elder), and Sambucus sieboldiana L. are the most relevant species studied. Their use has been somewhat restricted due to the presence of bioactive proteins or/and low molecular weight compounds whose ingestion could trigger deleterious effects. Over the last few years, the chemical and pharmacological characteristics of Sambucus species have been investigated. Among the proteins present in Sambucus species both type 1, and type 2 ribosome-inactivating proteins (RIPs), and hololectins have been reported. The biological role played by these proteins remains unknown, although they are conjectured to be involved in defending plants against insect predators and viruses. These proteins might have an important impact on the nutritional characteristics and food safety of elderberries. Type 2 RIPs are able to interact with gut cells of insects and mammals triggering a number of specific and mostly unknown cell signals in the gut mucosa that could significantly affect animal physiology. In this paper, we describe all known RIPs that have been isolated to date from Sambucus species, and comment on their antiviral and entomotoxic effects, as well as their potential uses.</subfield>
</datafield>
<datafield tag="024" ind2=" " ind1="8">
<subfield code="a">Molecules, 2015, vol. 20, n. 2. p. 2364-2387</subfield>
</datafield>
<datafield tag="024" ind2=" " ind1="8">
<subfield code="a">1420-3049</subfield>
</datafield>
<datafield tag="024" ind2=" " ind1="8">
<subfield code="a">http://uvadoc.uva.es/handle/10324/40992</subfield>
</datafield>
<datafield tag="024" ind2=" " ind1="8">
<subfield code="a">10.3390/molecules20022364</subfield>
</datafield>
<datafield tag="245" ind1="0" ind2="0">
<subfield code="a">Elderberries: A source of ribosome-inactivating proteins with lectin activity</subfield>
</datafield>
</record></metadata></record></GetRecord></OAI-PMH>